Central Library OPAC University of Rajshahi

Some modern methods of organic synthesis / (Record no. 72442)

MARC details
000 -LEADER
fixed length control field 00869nam a2200277 a 4500
001 - CONTROL NUMBER
control field 72442
003 - CONTROL NUMBER IDENTIFIER
rucl marc code BD-RjUL
005 - DATE AND TIME OF LATEST TRANSACTION
control field 20211209082248.0
008 - FIXED-LENGTH DATA ELEMENTS--GENERAL INFORMATION
fixed length control field 170413r19901986enka b 001 0 eng d
020 ## - INTERNATIONAL STANDARD BOOK NUMBER
International Standard Book Number 0521322340
-- 0521311179(pbk.)
035 ## - SYSTEM CONTROL NUMBER
System control number (BD-RjUL)72660
040 ## - CATALOGING SOURCE
Original cataloging agency DLC
Transcribing agency DLC
Modifying agency DLC
Language of cataloging eng
041 ## - LANGUAGE CODE
Language code of text/sound track or separate title eng
082 00 - DEWEY DECIMAL CLASSIFICATION NUMBER
Edition number 23
Classification number 547.2
Author mark and year CAS 1990
100 1# - MAIN ENTRY--PERSONAL NAME
Personal name Carruthers, W.
9 (RLIN) 206864
245 10 - TITLE STATEMENT
Title Some modern methods of organic synthesis /
Statement of responsibility, etc. W. Carruthers.
250 ## - EDITION STATEMENT
Edition statement 3rd ed.
260 ## - PUBLICATION, DISTRIBUTION, ETC. (IMPRINT)
Place of publication, distribution, etc. Cambridge :
Name of publisher, distributor, etc. University Press,
Date of publication, distribution, etc. 1990
300 ## - PHYSICAL DESCRIPTION
Pagination xii, 526 p. :
Illustrations ill. ;
Size 22 cm.
490 0# - SERIES STATEMENT
Series statement Cambridge texts in chemistry and biochemistry.
504 ## - BIBLIOGRAPHY, ETC. NOTE
Bibliography, etc Includes Bibliography and index
650 #0 - SUBJECT ADDED ENTRY--TOPICAL TERM
Topical term or geographic name as entry element Organic compounds
General subdivision Synthesis.
9 (RLIN) 160554
830 ## - SERIES ADDED ENTRY--UNIFORM TITLE
Uniform title Cambridge texts in chemistry and biochemistry.
942 ## - ADDED ENTRY ELEMENTS (KOHA)
Source of classification or shelving scheme Dewey Decimal Classification
Koha item type Books
Holdings
Lost status Source of classification or shelving scheme Damaged status Not for loan Collection code Permanent Location Current Location Shelving location Date acquired Source of acquisition Cost, normal purchase price Total Checkouts Full call number Date last seen Copy number Koha item type
  Dewey Decimal Classification   Not For Loan Non-fiction Central Library, University of Rajshahi Central Library, University of Rajshahi Reading Room 25/09/1991 Abacus, London 19.50   547.2 CAS 1990 18/05/2017 C-1 Books